000 00597nam a2200193Ia 4500
008 160105s9999 xx 000 0 und d
020 _a978-2-10-057671-5
041 _aeng
245 _aClay in engineering geology
260 _bElsevier
260 _c1987
300 _bill., réf., tabl., graph.
490 _aDevelopments geotechnical engineering
500 _aCote d'origine affectée par la BC : BC_626 68 devient SS_552.52 GI
654 _xSOL/ARGILE/CLASSIFICATION/GEOMORPHOLOGIE/SORPTION DU SOL/POROSITE DU SOL
942 _c09
994 _a111887
999 _c11735
_d39733